000 00196nam a2200085Ia 4500
008 120527s9999 xx 000 0 und d
100 _aBARTON, David
245 _aDraught Animal power
942 _cBK
999 _c25197
_d25197